|
|
|
|
| LEADER |
00957cam a2200265 7i4500 |
| 001 |
0000061229 |
| 005 |
20210826090000.0 |
| 020 |
|
|
|a 9781466584822 (electronic book)
|
| 090 |
0 |
0 |
|a TK2896
|b .E56 2017
|
| 245 |
0 |
0 |
|a Energy conversion
|c edited by D. Yogi Goswami, Frank Kreith.
|
| 250 |
|
|
|a Second edition.
|
| 264 |
|
|
|a Boca Raton, FL:
|b CRC Press,
|c 2017.
|
| 300 |
|
|
|a 1 online resource (1193 pages):
|b illustrations, text file, PDF.
|
| 336 |
|
|
|a text
|2 rdacontent
|
| 337 |
|
|
|a computer
|2 rdamedia
|
| 338 |
|
|
|a online resource
|2 rdacarrier
|
| 490 |
0 |
|
|a Mechanical and aerospace engineering
|
| 650 |
|
0 |
|a Energy conversion
|
| 655 |
|
0 |
|a Electronic books
|
| 700 |
1 |
|
|a Goswami, D. Yogi
|
| 700 |
1 |
|
|a Kreith, Frank
|
| 856 |
4 |
2 |
|u http://library.unisel.edu.my/web/guest/mylibrary
|
| 997 |
|
|
|a Engineering & Life Sciences, Faculty
|b Engineering, Department
|
| 998 |
|
|
|a Mechanical Engineering, Degree
|
| 999 |
|
|
|a EBO0006581
|b EBOOK
|c EBOOK
|e Electronic resources
|